000 00475nam a2200157 4500
999 _c5849
_d5849
008 161122b xxu||||| |||| 00| 0 eng d
022 _a9770118389007
082 _aDPer 641.05 F73 Mar-Jul 2013
100 _917772
_aBarrios, Troy
245 _aIn the kitchen with chef Him/
_cTroy Barrios.
260 _aQuezon City:
_bABS CBN Publishing, Inc.,
_c©2013.
300 _apages 58-61;
_c30 cm.
500 _aFood.
650 0 _917773
_aCooking
_xChef
942 _2ddc
_cPER